MDQL
is popping MORE tags! Check the
thread
!
Quizzes
Events
Quiz Creation
Community
Videos
Private Events
Remove Ads
Sign In
Join for FREE
Feedback
Dark Mode
Quiz Categories
Sports
Geography
Music
Movies
Television
Just For Fun
Miscellaneous
History
Literature
Language
Science
Gaming
Entertainment
Religion
Holiday
For Kids
Quiz Lab
Recent
Popular Today
Quiz Kudos Today
Editor Picks
Curator Picks
Quizzes by...
Day
Popularity
Type
Ratings
Length
Year
Community
Subscriptions
Recent Discussions
Orange Saloon
Badges
Playlists
Quests
Create
Leaderboards
Showdown
Live 5
Trivia Bingo
Activity
Puzzle Library
Sporcle Events
Private Events
Virtual Trivia
Globe League
Become a Host
Pub Owners
SporcleCon
Opinionation
Our Games
Videos
Blog
Mobile Apps
Partnerships
Remove Ads and Go Orange
Feedback
Television
TV Characters
TV Show
Sitcom
Network
Friends
Reality Shows
Cast
South Park
Star Trek
The Simpsons
Doctor Who
Television
TV Characters
TV Show
Sitcom
Network
Friends
Reality Shows
Cast
South Park
Star Trek
The Simpsons
Doctor Who
Random Quiz
Search Sporcle
×
Quiz Lab
Quiz Lab
Television
Live
Type in answers that appear in a list
Type in answers that appear in a list
Classic
Best Score? Go Orange.
Days of Our Lives Maze Stats
Can you name the Days of Our Lives Maze?
By
LinnnemiK
5m
10 Questions
1,230 Plays
1,230 Plays
1,230 Plays
Comments
Comments
Give Quiz Kudos
Give Quiz Kudos
-
- Ratings
hide this ad
Forced Order
Answers have to be entered in order
Answers have to be entered in order
Replay
Link that replays current quiz
Next Quiz
Link to next quiz in quiz playlist
You Got
0%
They Got
Avg Score
87%
Avg Friend Score
Upgrade to see
Score Distribution
Jump to the score distribution portion of the page
Score
0/10
Timer
05:00
0
Plays Today
Question
Name
% Correct
The police commandor is my best friend, I am also a cop (my little brother is a cop too)
Roman Brady
95.4%
I am married to the previous person, and I am a police commandor
Abraham Carver
95.1%
The previous person is my father and he is often dissapointed when I pull one of my many schemes
Sami Brady
95%
I've been married to the previous person, but I've also been married to her half-
sister, yet I am not Austin...
Lucas Horton
93.5%
I am a doctor on Days and my dad is a bad guy
Lexie Carver
91.8%
I've been married to one listed above, one is my enemy and one is my son
Kate Roberts
87.4%
I have been married several times, but the real love of my life is the previous person. I have also been the possessed by the devil.
Marlena Evans
83.4%
I am the father of the previous person and my real name is Forrest Alamain
John Black
82.7%
I've been married to the guy above and I am named after my fathers dead ex-
wife
Belle Black
75.9%
The person above is my mother, and one of the most powerful guys in Salem is my father
Philip Kiriakas
73.1%
Quiz Playlist
Details
Report
Send in Message
Add To Playlist
Classic:
Type in answers that appear in a list
Forced Order:
Answers have to be entered in order
Last Updated: Feb 16, 2017
Quiz Scoreboard
CHALLENGE
Sign Up to Join the Scoreboard
Show All
Scores
Hide
Comments
May contain spoilers
Recently Published
Two Season TV Shows II
by 123Four
Television
10m
Image Sorting: Flags VI
by Barbecue
Geography
2m
Find the 'City' Movie
by crazypaving
Movies
60s
More to Explore
Quiz From the Vault
Featured Blog Post
14 Easter Pick-up Lines to Find Eggs With
hide this ad
You Might Also Like...
Tags
Live
Maze
Our Lives
Today's Top Quizzes in Television
Browse Television
hide this ad
Today's Top Quizzes in Live
Browse Live
Top Contributed Quizzes in Television
1
Survivor Journey Challenge
2
Adjectives in 00s TV Shows
3
Brooklyn Nine Nine Logic Puzzle (How-To-Play)
4
Even More Two Season TV Shows
5
Total Drama Characters
6
Survivor Logic Puzzle: Heroes vs. Villains
7
Adjectives in 10s TV Shows
8
Survivor Heroes vs. Villains Logic Puzzle
9
Phoebe Buffay Quotes
10
Survivor Seasons
Explore More
Trending Topics
Disney
Harry Potter
Crossword
Marvel
NBA
Anime
Kpop
Country
Song
Soccer
Pokémon
NFL
Puzzle
The Office
WWE
hide this ad
More By:
LinnnemiK
Quiz
Plays
Rating
Category
Featured
Created
Days of Our Lives Maze
1,230
4.00
Television
Oct 25, 2009
One Word Title TV Series
437
2.86
Television
Oct 8, 2009
Name the TV-series - One Word Clue 3
392
2.63
Television
Dec 6, 2009
Go to Creator's Profile
Score Distribution
Quiz Creator Spotlight
LinnnemiK
Follow
Send a Message
Quizzes Created
-
Created Quiz Play Count
-
More By This Creator
Popular Quizzes Today
1
Find the US States - No Outlines Minefield
2
Colored Red Africa Blitz
3
Find the 'City' Movie
4
5x2 Blitz: Bands
5
The Countries of the World
6
Find the Countries of Europe - No Outlines Minefield
7
Find the US States
8
US States
More Television Quizzes
The Wire Character Mashup!
Quiz Lab
Trending Quizzes
Colored Red Europe Blitz I
Colored Red Africa Blitz II
Colored Red Europe Blitz II
Colored Red Europe Blitz III
Colored Red Africa Blitz III
Recently Updated
How Do You Spell That?
pecheneg
Godzilla Movies
pecheneg
Grab Bag: 4-10 Letters
pecheneg
2024 March Madness Bracket
pecheneg
Famous TV Couples
Peacemaker
Champions League XIs: Real Madrid
pecheneg
Largest US Cities 1790-2010
pecheneg
Rides in Walt Disney World
pecheneg
Most Oscar Losses (Acting)
pecheneg
Beyoncé Albums
pecheneg
Trending Topics
Marvel
Anime
Kpop
Disney
Harry Potter
NBA
Crossword
Soccer
Pokémon
The Office
Song
WWE
Puzzle
NFL
Country
Your Account Isn't Verified!
In order to create a playlist on Sporcle, you need to verify the email address you used during registration. Go to your
Sporcle Settings
to finish the process.
Report this User
Report this user for behavior that violates our
Community Guidelines
.
Details:
Send Report
Go to the Sporcle.com Mobile Site →
Comments